[Event "Montreal 4th"]
[Site "Montreal"]
[Date "2003.07.23"]
[Round "1"]
[White "Charbonneau, Pascal"]
[Black "Lugovoi, Aleksei"]
[Result "1/2-1/2"]
[WhiteElo "2442"]
[BlackElo "2566"]
[Annotator "Gofshtein,L"]
[PlyCount "82"]
[EventDate "2003.07.23"]
[EventType "tourn"]
[EventRounds "11"]
[EventCountry "CAN"]
[EventCategory "11"]
[SourceTitle "CBM 097"]
[Source "ChessBase"]
[SourceDate "2003.11.11"]
[SourceVersion "1"]
[SourceVersionDate "2003.11.11"]
[SourceQuality "1"]

1. e4 c5 2. Nf3 d6 3. d4 cxd4 4. Nxd4 Nf6 5. Nc3 Nc6 6. Bg5 e6 7. Qd2 a6 8.
O-O-O Bd7 9. f4 h6 10. Bxf6 {White exchanges his black-squared bishop and
tries to exploit his lead in development. 10.Bh4 is a much more common move} (
10. Bh4 $5 g5 (10... Nxe4 11. Qe1 $36) 11. fxg5 Ng4 12. Be2 Nge5 13. Nf3 $14 {
1-0 Krakops,M-Van der Wiel,J/Pula 1997/CBM 57 ext (40)}) 10... Qxf6 11. Nf3 Qd8
12. e5 $5 {White tries to initiate an immideate struggle in the center in
order to take advantage of his development lead. There are also other
possibilities such as:} (12. g4 Qc7 13. f5 O-O-O 14. h4 Be7 15. Kb1 Kb8 16. Bd3
Qa5 17. Bc4 Qc5 18. Bb3 Na5 $132 {0-1 Benedicto,R-Lombardy,W/New York 1955/EXT
2000 (33)}) (12. Kb1 Be7 (12... Qa5 13. Bc4 O-O-O 14. f5 Be7 15. fxe6 fxe6 16.
Nd4 Nxd4 17. Nd5 Qxd2 18. Nxe7+ Kc7 19. Rxd2 Rhe8 20. Ng6 Nc6 $14 {1/2-1/2
Gruenberg,H-Pavlov,M/Zinnowitz 1983/EXT 2002 (27)}) 13. h4 Qb6 14. Rh3 O-O-O
15. Qe1 Kb8 16. Nd2 Qa7 17. Nc4 d5 $132 {0-1 Marjanovic,S-Kupreichik,V/Teslic
1979/MCD (58)}) (12. Bd3 Be7 13. Kb1 Qc7 14. Rhe1 O-O-O 15. Nd5 exd5 16. exd5
Bf6 17. dxc6 Bxc6 18. Be4 $14 {1/2-1/2 Radziejewski,D-Berg,K/Jelenia Gora 1980/
EXT 2003 (32)}) 12... d5 $5 {Black prefers to keep the position closed. In
case of 12...de 13.fe followed by 14.Ne4 white gets a slightly better
perspectives} (12... dxe5 13. fxe5 Qc7 14. Ne4 $5 $14 (14. Qe3 O-O-O 15. a3 Be7
$132 {1/2-1/2 Karlsson,T-Lindeman,S/Linkoping 1996/EXT 2000 (24)})) 13. h4 Bc5
14. Kb1 {[%cal Rc5e3] A profilactic move. White prepares f4-f5} b5 15. f5 $5 (
15. Bd3 $5) 15... Qb6 16. Ne4 {[%mdl 512] White plays very risky. The simple
16.Qf4 gave him a good game} (16. Qf4 $5) 16... dxe4 17. Qxd7+ Kf8 18. fxe6 Be7
$1 {[%mdl 256] After this simple move, white must to keep sacrificing in order
to keep the attack} (18... fxe6 19. Qxe6 exf3 20. Qf5+ $11) 19. Bxb5 $8 {
White has to take strong measures in order to continue the strugle as black
simply threatens Rad8 catching the queen} axb5 20. Rd6 {Again, an only move}
exf3 21. gxf3 Qa5 $6 {Black starts an attack on the opponent's king. Probably,
it was simpler to play 21...Rd8 getting a technical winning position} (21...
Rd8 $5 22. Rxc6 Qb8 23. Qc7 Qxc7 24. Rxc7 fxe6 $17) 22. Rxc6 Qxa2+ 23. Kc1 fxe6
24. Rd1 $40 {After refusing to go to an endgame black must play very careful
in order to liquidate white's attack} Kf7 (24... Qa1+ 25. Kd2 Qxb2 26. Qxe6 $40
) (24... Re8) 25. c4 $1 {A very strong move. White makes things easier for his
king and also closes the a2-g8 diagonal.} Qa1+ 26. Kc2 Qa4+ 27. Kb1 Rhd8 $6 {
Black doesn't find the best continuation. As the following analysis shows it's
not easy for white to rescue himself after 27...Rhe8} (27... Rhe8 $1 28. Qxe6+
Kf8 29. Rd4 Bf6 30. Qd6+ (30. Qf5 Qa2+ (30... Kg8 31. Rxf6 Qa1+ 32. Kc2 Ra2 $40
) 31. Kc2 Qa4+ 32. Kb1) 30... Kg8 31. f4 bxc4 32. Qd5+ Kh8) 28. Qxe6+ Kf8 29.
Rd7 $1 Qa2+ 30. Kc2 Rxd7 31. Qxd7 Rd8 {Also after 31...bc white has a draw} (
31... bxc4 32. Rc8+ Rxc8 33. Qxc8+ Kf7 34. Qf5+ Ke8 35. Qc8+ Bd8 36. Qc6+ Kf8
37. Qc5+ $11) 32. Qf5+ Kg8 33. Qe6+ Kh8 34. Qxe7 Qa4+ 35. b3 Qa2+ 36. Kc1 Qa1+
{36...Qd2+ is just a different move order} (36... Qd2+ $5 37. Kb1 Qd1+ 38. Kb2)
37. Kc2 Qd1+ 38. Kb2 Qd2+ {Black agrees to a draw. The only chance to continue
struggling was 38...Qe2+} (38... Qe2+ 39. Ka3 Ra8+ 40. Kb4 Qd2+ 41. Kc5 $13
Qe3+ (41... bxc4)) 39. Kb1 Qe1+ 40. Kb2 Qd2+ 41. Kb1 Qe1+ 1/2-1/2

[Event "EU-ch 4th"]
[Site "Istanbul"]
[Date "2003.06.10"]
[Round "10"]
[White "Minasian, Artashes"]
[Black "Alekseev, Evgeny V"]
[Result "1-0"]
[WhiteElo "2555"]
[BlackElo "2607"]
[Annotator "Gofshtein,L"]
[PlyCount "63"]
[EventDate "2003.05.30"]
[EventType "swiss"]
[EventRounds "13"]
[EventCountry "TUR"]
[SourceTitle "CBM 096"]
[Source "ChessBase"]
[SourceDate "2003.09.25"]
[SourceVersion "1"]
[SourceVersionDate "2003.09.25"]
[SourceQuality "1"]

1. e4 c5 2. Nf3 d6 3. d4 cxd4 4. Nxd4 Nf6 5. Nc3 Nc6 6. Bg5 e6 7. Qd2 a6 8.
O-O-O Bd7 9. f4 b5 10. Bxf6 gxf6 11. Kb1 Qb6 12. Nxc6 Bxc6 13. Qe1 {It's one
of the Rauzer's classic lines. black's pawn structurte is damaged, for a pair
of bishops as a compinsation} Be7 14. f5 {tipical attacking move. white's
trying to damage even more black's pawn structure} Qc5 15. Bd3 a5 {black
fights for the space in the queen side, in order to create something over there
} 16. Ne2 {[%cal Re2g3,Ye2f4,Yf4e6,Yf4h5,Rg3h5] the knight is getting nearer
the black king} e5 {Black prevents the white's knight from the "f4" square} 17.
Ng3 $5 {17.Nc1 has also been tried, with the idea after Nb3 push the black's
queen away from the critical spots on the queen side. in both cases white has
the initiative} (17. Nc1 $5 h5 18. Rf1 Rg8 19. g3 b4 20. Nb3 Qa7 21. Bc4 a4 22.
Nc1 Rc8 23. Bd5 Bb5 24. Rf3 Qc5 25. Qd2 Kf8 26. c3 $36 {1-0 Kutuzovic,B-Kozul,
Z/Pula 1997/EXT 2000 (55)}) (17. Qg3 Kf8 18. Qh4 h6 19. Rhf1 a4 20. c3 a3 21.
b3 Rd8 22. Qf2 Rg8 23. Qf3 $14 {1-0 Charbonneau,P-Krush,I/Montreal 2001/CBM 85
(39)}) 17... h5 {[%mdl 512] In fact black sacrifieces a pawn here. It's very
hard to evaluate whether the compensation is enough} (17... b4 $5) 18. h4 $5 {
white fixates the weakness on "h5" and eventually wins it. Besides, white's
rook can join the forces through the third rank} Bd8 $1 {[%cal Yd8b6] very
good regrouping. the bishop goes to the a7-g1 diagonal, while the king takes
his spot on e7} 19. Be2 {white's bringing the bishop to attack "h5" pawn.
after 19.Qe2 black would get a serious conterplay on the dark squares. for
example:} (19. Qe2 a4 20. c3 a3 21. b3 Bb6 22. Rc1 Ke7 23. Nxh5 Qe3 $36) 19...
b4 $6 {19...Ke7 was better, provoking white to take with the bishop. in this
case, as the analyses show, black could get enough compensation for the pawn} (
19... Ke7 $1 20. Bxh5 (20. Nxh5 Bxe4 $132) 20... b4 21. Rd3 a4 22. Qd2 Ba5 23.
Qd1 a3 $44) 20. Nxh5 a4 {after 20...Be4, white's advantage is undoubtfull} (
20... Bxe4 21. Bb5+ Bc6 22. Bxc6+ Qxc6 23. g4 Rc8 24. Qd2 d5 25. Qxd5 Qxc2+ 26.
Ka1 Qc6 27. Qd2 $16) (20... Ke7 21. Ng3 a4 22. Rd3) 21. Rh3 {the rook joins
the action} Ke7 $2 {21...Be4 was necessary with unclear game} (21... Bxe4 $5
22. Bb5+ Qxb5 23. Qxe4 d5 24. Qf3 Qc4 25. g4 Ra5 $132) 22. Qd2 Bxe4 23. Nxf6 $1
{a desicive strike. white has a clear edge} Bxf5 (23... Qxc2+ 24. Qxc2 Bxc2+
25. Kxc2 Kxf6 26. Rxd6+ Ke7 27. Rc6 $16) 24. Rf3 Be6 25. Ne4 $18 {black's king
open position and the activity of the white's pieces quikly settles the result}
Qb6 26. Nxd6 Rg8 27. Nf5+ Bxf5 (27... Ke8 28. Bb5+) 28. Rxf5 f6 29. Qd7+ Kf8
30. Bh5 Be7 31. Qd5 Kg7 32. Qf7+ 1-0

[Event "EU-ch 4th"]
[Site "Istanbul"]
[Date "2003.06.11"]
[Round "11"]
[White "Kritz, Leonid"]
[Black "Kozul, Zdenko"]
[Result "1-0"]
[WhiteElo "2468"]
[BlackElo "2601"]
[Annotator "Gofshtein,L"]
[PlyCount "69"]
[EventDate "2003.05.30"]
[EventType "swiss"]
[EventRounds "13"]
[EventCountry "TUR"]
[SourceTitle "CBM 096"]
[Source "ChessBase"]
[SourceDate "2003.09.25"]
[SourceVersion "1"]
[SourceVersionDate "2003.09.25"]
[SourceQuality "1"]

1. e4 {[%mdl 132]} c5 2. Nf3 Nc6 3. d4 cxd4 4. Nxd4 Nf6 5. Nc3 d6 6. Bg5 e6 7.
Qd2 a6 8. O-O-O Bd7 9. f3 Rc8 10. Nxc6 $146 {[%mdl 8] A typical move in this
variation. White leaves the d4 square for the Nc3. Besides, white prevents
Nc6-e5-c4. Still, it's a novelty. Earlier in this position this move has never
been played.} (10. Kb1 Be7 11. h4 b5 (11... Nxd4 12. Qxd4 Rc6 13. Qd2 b5 14.
Bd3 Qa5 15. f4 b4 16. Ne2 h6 17. Bxf6 Bxf6 $132 {1-0 Peptan,C-Grosar,A/
Ljubljana 1997/CBM 58 ext (43)}) 12. Nxc6 Bxc6 13. Ne2 Qc7 14. Nd4 Bd7 15. g4
Rb8 16. Be3 O-O 17. h5 a5 18. g5 $36 {1-0 Jakubowski,K-Tomczak,R/Zakopane 2001/
EXT 2002 (27)}) 10... Bxc6 11. Kb1 Be7 12. h4 {A typical move, preparing the
attack on the king side.} O-O (12... h6 13. Be3 d5 14. e5 Nd7 15. f4 b5 16. Ne2
Nc5 17. Nd4 $36) (12... b5 13. Bd3 Bb7 14. Ne2) 13. Ne2 $5 {[%cal Re2d4,Re2g3]
The knight transfers to a much more active place.} d5 {Black tries to start a
game in a centre.} (13... h6 14. Be3 Qc7 15. Nd4) 14. e5 Nd7 15. f4 Nc5 16. Nd4
Re8 {The e4 square doesn't give black anything real.} 17. Bd3 {White finishes
the development and prepares an advance on the king side.} Qb6 (17... Ba4 18.
Bxe7 Rxe7 19. h5 h6 20. g4 $36) 18. f5 Nxd3 19. Qxd3 exf5 $2 {19...Bc5 was
much more stubborn, trying to exchange the opponent's active pieces.} (19...
Bc5 $5 20. Nxc6 (20. f6 Bxd4 21. Qxd4 Qxd4 22. Rxd4 h6 23. Be3) 20... bxc6 (
20... Rxc6 21. f6 Bf8 22. Qg3 $40) 21. f6 Rb8 22. b3 $16) 20. Bxe7 Rxe7 21.
Nxf5 {Now white's attack develops by itself.} Rxe5 (21... Rec7) (21... Re6 22.
Qg3 g6 23. Nd4 $40) 22. Nh6+ Kf8 (22... gxh6 23. Qg3+ Rg5 24. hxg5 $18) 23.
Qxh7 Bd7 (23... gxh6 24. Qh8+ Ke7 25. Qxe5+ $18) 24. Qg8+ Ke7 25. Qxf7+ Kd6 26.
Qg6+ Kc7 27. Qxg7 Qe6 28. Ng4 Re2 29. Nf6 $18 {Large material edge and a
better pieces positioning assures white the win.} Qf5 30. Rc1 Rd8 31. Rhd1 Kb8
32. Rxd5 Rxc2 33. Nxd7+ Rxd7 34. Qg3+ Rdc7 35. Qxc7+ 1-0

[Event "GER-ch 70th"]
[Site "Bremen"]
[Date "1998.11.14"]
[Round "9"]
[White "Reichmann, Hendrik"]
[Black "Koscielski, Janusch"]
[Result "0-1"]
[WhiteElo "2305"]
[BlackElo "2320"]
[Annotator "Gofshtein,L"]
[PlyCount "82"]
[EventDate "1998.11.06"]
[EventType "swiss"]
[EventRounds "9"]
[EventCountry "GER"]
[SourceTitle "CBM 068"]
[Source "ChessBase"]
[SourceDate "1999.02.01"]
[SourceVersion "1"]
[SourceVersionDate "1999.02.01"]
[SourceQuality "1"]

1. e4 c5 2. Nf3 d6 3. d4 cxd4 4. Nxd4 Nf6 5. Nc3 a6 6. Bg5 Nc6 7. Qd2 e6 8.
O-O-O Bd7 9. Nb3 $6 $11 (9. f4 {Theory}) 9... b5 (9... Be7 10. f3 (10. Bxf6
gxf6 11. f4 Qc7 12. Be2 b5 13. f5 h5 14. fxe6 fxe6 15. Bd3 Qb6 16. Kb1 Ne5 $11
{0-1 Koscielski,J-Heinbuch,D/BL2W 1993 (48)}) 10... b5 11. g4 b4 12. Bxf6 gxf6
13. Ne2 a5 14. f4 e5 $132 {1/2-1/2 Marcussi-Pugach/Buenos Aires ch-ARG 1963 
(50)} (14... a4 15. Nbd4 Nxd4 16. Nxd4 b3 $5 $132)) (9... h6 10. Bxf6 Qxf6 11.
f4 Qd8 12. h4 Qc7 13. Kb1 O-O-O 14. g4 Kb8 15. Bg2 Bc8 $132 {1/2-1/2 Vatter,
H-Banas,I/Viernheim 1992 (86)}) 10. Bxf6 (10. f4 b4 (10... Be7 11. Bxf6 gxf6
12. h4 b4 13. Ne2 Qb6 14. Rh3 a5 $132 {0-1 Domont,A-Kraut,R/Berlin (6) 1988 
(25)}) 11. Bxf6 (11. Ne2 $2 Nxe4 $1 $17 {0-1 Perea,M-Sherbakov,R/Oviedo rapid
1993 (19)}) 11... gxf6 (11... Qxf6 12. Ne2 Qd8 13. Ned4 Qb6 14. f5 e5 15. Nf3
Be7 $11 {0-1 Klovans,J-Katalymov,B/Bad Liebenzell World Seniors 1996 (51)}) 12.
Ne2 a5 (12... Qb6 13. Ned4 h5 14. g3 h4 15. Bg2 Rc8 16. Kb1 Nxd4 17. Nxd4 $11 {
0-1 Erenska Radzewska Hanna-Levitina Irina S/Jajce w Bosnia & Herzegovina 1983
(47)}) 13. Nbd4 Qb6 14. Nxc6 Bxc6 (14... Qxc6 15. Qd3 Qc5 $132 {1-0 Slekys,
E-Obodchuk,A/Bratislava ,EXT 1992 (79)}) 15. Ng3 $132 (15. Nd4 $2 Bxe4 16. Bb5+
Kd8 17. Rhe1 Bd5 (17... f5 18. g4 $44) 18. Ba4 (18. Kb1 Rc8 $17) 18... Rc8 $17
{0-1 Arregui,A-Poberznik,R/cr 1962 (48)})) (10. Bd3 Be7 11. Bf4 Ne5 12. Bxe5 $6
dxe5 $15 {0-1 Stoinev,M-Wirius,S/Prague ,EXT 1986 (30)}) (10. a3 Be7 (10... b4
11. axb4 Nxb4 12. f4 Be7 (12... Qb6 $11) 13. e5 $6 dxe5 14. fxe5 Nfd5 15. Bxe7
Qxe7 16. Nxd5 exd5 17. Qf4 (17. h4 O-O $17 {0-1 San Segundo,P-Rodriguez,O/
Salamanca 1991 (30)}) 17... O-O 18. Nd4 $15) 11. Bxf6 (11. f4 Rc8 $11 (11... h6
$6 12. Bxf6 gxf6 13. Be2 h5 14. Rhf1 Rc8 15. Kb1 Qb6 16. f5 Ne5 17. Nd4 $14 {
1/2-1/2 Schula,M-Firt,S/Czech Republic tt 1994 (42)})) 11... gxf6 12. f4 Qb6
13. f5 O-O-O 14. Kb1 $14 (14. a4 $6 b4 15. Ne2 Na5 16. Nf4 Nxb3+ (16... Bxa4 $2
17. Nxa5 (17. Nd4 $2 Kb8 $2 (17... d5 $1 18. fxe6 (18. exd5 e5 $17) 18... dxe4
19. Qe2 Bc5 (19... Rxd4 20. Qxa6+ $18) 20. Qxa6+ Kb8 $19) 18. b3 (18. fxe6 Rc8
19. Kb1 fxe6 20. Nfxe6 $14) 18... Bd7 19. fxe6 fxe6 20. Ndxe6 $14 {1-0 Seltzer,
B-Waitzkin,J/USA juniors USA 1990 (36)}) 17... Qxa5 18. fxe6 fxe6 19. Nxe6 Rdg8
20. Qf2 $16) 17. cxb3 Kb8 18. Bc4 Rc8 19. Kb1 Bxa4 20. fxe6 fxe6 21. Bxe6 Bc6
$14)) (10. f3 b4 (10... Be7 11. Bxf6 gxf6 12. Ne2 Qc7 13. Ng3 h5 14. f4 h4 15.
Ne2 O-O-O 16. Kb1 Kb8 $132 {1-0 Lane,G-Hon,A/London Lloyds 1994 (38)}) 11. Ne2
h6 12. Be3 Be7 13. h4 a5 14. Nbd4 Ne5 15. Nf4 h5 16. Nb5 Bxb5 17. Bxb5+ Ned7
18. Qf2 a4 19. e5 dxe5 20. Rxd7 Nxd7 21. Rd1 exf4 22. Bb6 Qc8 (22... Qb8 23.
Rxd7 O-O 24. Rxe7 Rc8 25. Kb1 b3 26. Bd3 (26. c4 Qe5 27. Rd7 Qf5+ 28. Ka1 Qxb5
$19) 26... Qd6 27. Ra7 Rxa7 28. Bxa7 bxa2+ 29. Kxa2 $132) 23. Rxd7 Qxd7 24.
Bxd7+ (24. Qe2 Rc8 25. Bxd7+ Kxd7 26. Qb5+ Rc6 $17 {0-1 Cruz Gomez,R-Tukmakov,
V/Cordoba ,EXT 1991 (36)}) 24... Kxd7 25. Bc5 Bxc5 26. Qxc5 $14) 10... gxf6 (
10... Qxf6 11. Nc5 Ra7 12. Nxd7 Rxd7 13. a4 b4 14. Na2 g5 15. Bxa6 (15. Nxb4
Bg7 16. Nd3 $14) 15... Bg7 16. c3 bxc3 17. bxc3 (17. Nxc3 O-O 18. Bb5 Rc8 19.
Rhf1 $14 (19. h4 gxh4 20. f4 Bh6 21. Rhf1 d5 22. e5 Qg7 23. Kb1 $132)) 17...
O-O 18. f3 (18. Bb5 Rc8 $44) 18... Na5 $44 {1-0 Knoppert-Peek/NED ch sf 1987 
(44)}) 11. f4 (11. Kb1 Qb6 (11... b4 12. Ne2 (12. Na4 Rb8 $15) 12... Rc8 $132)
12. f4 O-O-O (12... b4 13. Na4 Qc7) 13. Bd3 $14 Kb8 14. Rhf1 Rc8 15. f5 Be7 16.
Ne2 Ne5 17. Nbd4 Rhg8 18. g3 h5 19. h3 $2 (19. c3 h4 (19... Rc7 20. Bc2 (20.
Nf4 b4 21. Ka1 Nxd3 (21... bxc3 22. bxc3 $18 {[%cal Gd1b1]}) 22. Qxd3 d5 23.
cxb4 $1 (23. fxe6 $2 fxe6 24. exd5 e5 25. Nfe6 exd4 (25... Rb7 26. Qh7 (26. Nf5
Bxe6 27. dxe6 bxc3 28. Qxc3 Rc8 29. Qb3 Qc5 30. Qd5 Qc2 31. Rb1 Ba3 32. Qxb7+
Kxb7 33. bxa3+ Ka7 34. e7 Qc3+ $15) 26... Re8 27. Nb3 bxc3 28. bxc3 Bxe6 29.
dxe6 Qxe6 30. Qxh5 Rc8 31. Rf3 $14) 26. Nxc7 Qxc7 27. Qxd4 bxc3 28. Qxc3 Qxc3
29. bxc3 Kc7 $44) 23... dxe4 24. Qxe4 e5 25. Nd5 Qb7 26. Qh1 $18)) 20. gxh4 Rg2
21. h5 Rh8 22. Qe3 Rxh2 (22... Rxh5 23. Nf4 Rhxh2 24. Nxg2 Rxg2 25. Rg1 $18)
23. Nf4 $16) 19... Rc7 20. Nf3 Qc5 21. Nxe5 dxe5 22. Rf3 $132 {1/2-1/2 Hurley,
P-Palacios,B/Toronto Reserves 1993 (44)}) 11... Qb6 12. e5 $6 $15 (12. g3 Rc8
13. Bg2 b4 (13... Rg8 14. e5 fxe5 15. Ne4 Be7 16. Nxd6+ Bxd6 17. Qxd6 Qc7 18.
Qxc7 Rxc7 19. Nc5 $16) (13... Be7 14. Kb1) 14. Ne2 Na5 15. Nxa5 Qxa5 16. Kb1
$11) 12... fxe5 13. fxe5 (13. Ne4 d5 (13... O-O-O 14. Nxd6+ Bxd6 15. Qxd6 Be8
16. Qc5 Rxd1+ 17. Kxd1 Qd8+ 18. Kc1 exf4 19. a4 $14) 14. Nf6+ Kd8 15. fxe5 Qc7
16. Re1 Rc8 $15) 13... h5 14. Kb1 Nxe5 15. Qf4 (15. Ne4 O-O-O 16. Nf6 (16.
Nxd6+ Bxd6 17. Qxd6 Bc6 $19) 16... Bc6 17. Nd4 Bb7 $17) 15... O-O-O 16. a4 Ng4
(16... Rg8 17. axb5 axb5 18. Qd4 $15) 17. axb5 axb5 18. Ne4 $4 $19 {[%mdl 8256]
} (18. Qxf7 Nf2 $2 (18... b4 $1 19. Na2 $1 (19. Ne4 d5 20. Ng5 (20. Nf6 Nf2 21.
Nxd7 Rxd7 22. Qe8+ Rd8 $19) 20... Nf2 21. Qf6 Rh6 22. Ba6+ Kb8 23. Qe5+ Bd6 24.
Qg7 Nxd1 25. Rxd1 (25. Qxh6 Nf2 26. Rf1 Ng4 27. Qxh5 Qxa6 $19) 25... Rhh8 26.
Nf7 Rhg8 $19) 19... d5 $15 (19... Nf2 20. Rd4 Nxh1 21. Rc4+ $18)) 19. Bxb5 $1
Bxb5 20. Nxb5 Nxd1 21. Qxe6+ (21. N5d4 $1 Nxb2 (21... Ne3 22. Qxe6+ $14) (21...
Nf2 22. Qxf2 Bg7 23. Rd1 d5 $44) 22. Kxb2 Qb7 23. Qxe6+ (23. Qxb7+ Kxb7 24.
Nxe6 Re8 $17) 23... Kb8 24. Rb1 $44) 21... Kb8 $19) 18... d5 19. h3 Ne3 (19...
e5 $5 20. Qf3 (20. Qxf7 Ne3 21. Rxd5 Nxd5 22. Qxd5 Be6 $1 $19) 20... Ne3 21.
Re1 dxe4 22. Qxe3 Qxe3 23. Rxe3 f5 $19) 20. Rd3 Nc4 $2 $17 (20... dxe4 $1 21.
Qxe3 Qxe3 22. Rxe3 f5 $19) 21. Ng5 Bh6 22. h4 (22. Qf6 Rdf8 $17) 22... Rdf8 23.
Qg3 $2 $19 (23. Qf6 e5 24. Qxb6 Nxb6 25. Nc5 Bc6 (25... f6 26. Nxd7 Kxd7 27.
Ne4 Kc6 28. Ng3 e4 29. Rc3+ $17) 26. Ra3 $17) 23... f6 24. Nf3 Rhg8 25. Qe1 Rg4
(25... Re8 $19) 26. Qd1 Kb8 27. Rd4 Rfg8 (27... Ne3 $19) 28. Qd3 f5 29. Qe2 Re4
30. Rxe4 dxe4 31. Nfd4 e5 32. Nxb5 Bxb5 33. Qxh5 Qg6 34. Qd1 Qd6 35. Qh5 Rf8
36. Bxc4 Bxc4 37. Rd1 Qb6 38. Na5 Qxa5 39. Qxh6 Qa2+ 40. Kc1 Qa1+ 41. Kd2 Rd8+
0-1

[Event "MK Cafe Cup-A"]
[Site "Koszalin"]
[Date "1999.08.05"]
[Round "3"]
[White "Kogan, Artur"]
[Black "Lerner, Konstantin Z"]
[Result "1/2-1/2"]
[WhiteElo "2518"]
[BlackElo "2588"]
[Annotator "Gofshtein,L"]
[PlyCount "85"]
[EventDate "1999.08.03"]
[EventType "swiss"]
[EventRounds "9"]
[EventCountry "POL"]
[SourceTitle "CBM 073"]
[Source "ChessBase"]
[SourceDate "1999.12.01"]
[SourceVersion "1"]
[SourceVersionDate "1999.12.01"]
[SourceQuality "1"]

1. e4 c5 2. Nf3 d6 3. Nc3 Nc6 4. d4 cxd4 5. Nxd4 Nf6 6. Bg5 e6 7. Qd2 a6 8.
O-O-O Bd7 9. f4 b5 10. Nxc6 {more  popular  10.B:f6,how known leading to
active position for white.} (10. Bxf6 $5) 10... Bxc6 11. Qe3 {don't give
adventage 11.Qe1,how show under mentioned game} (11. Qe1 Be7 12. Bd3 Nd7 13.
Bxe7 Qxe7 14. Qg3 O-O $11 {Meking-Polugaevskij,1977}) 11... Be7 12. Bxf6 gxf6 {
[%cal Rd1d6,Re3a7] not so clear how get adwentage after 12...B:f6, under
mentioned game show,that black has  good chances for counterplay} (12... Bxf6
$5 13. Nd5 (13. e5 Be7 14. exd6 Bxd6 15. Ne4 (15. Qd4 Bf8 16. Qe3 {1/2-1/2
Cramling,D-Schneider,L/Eksjo 1982/MCD (18)} (16. Qe5 Qb8 17. Qd4 Be7 18. f5 O-O
19. fxe6 fxe6 20. Bd3 b4 21. Ne4 Bd5 22. Kb1 Qc7 $132 {0-1 Petrushin,
A-Yermolinsky,A/Krasnodar 1980/EXT 99 (59)})) 15... Bxe4 16. Qxe4 O-O 17. Bd3
g6 18. h4 Qf6 $13 {0-1 Diesen,M-Mednis,E/New York 1977/EXT 98 (41)}) 13... Bxd5
14. exd5 e5 15. Qe4 Qe7 16. f5 Qa7 $11 {Gufeld-Ermenkov,1978 Jur mala}) 13. Kb1
{profilaktike move,another continuations also   lead to unclear position} (13.
f5 Qa5 $6 (13... b4 $5 14. Ne2 Qa5 (14... e5 $6 15. Ng3 Qa5 16. Bc4 $16) 15.
Nd4 (15. fxe6 Qxa2 16. Nd4 Bb7 $13) 15... Bb7 $13) 14. fxe6 fxe6 15. Be2 b4 16.
Nd5 exd5 17. exd5 Bb5 18. Rhe1 Bxe2 19. Rxe2 Qc7 20. Rde1 Ra7 21. Qd4 $36 {
1-0 Bustamante,R-McCambridge,V/Paul Masson op 1977/EXT 99 (30)}) (13. Bd3 Qa5
14. Kb1 O-O-O 15. a3 Rd7 $132 {1/2-1/2 Ostojic,P-Dueball,J/BL2-W 1992/GER-chT2
(33)}) (13. Qg3) 13... Qc7 {for my opinion after 13...b4 14.Ne2 Qa5 15.Nd4 Qc5
black could be have good counterplay} 14. f5 Qa7 (14... b4 15. Ne2 e5 16. Ng3
Bb7 17. Qh6 $40) (14... Rc8 15. fxe6 fxe6 16. Bd3 Bb7 17. Qh3 Qd7 18. Ne2 Rc5
19. Nf4 Kf7 20. Rhf1 Re5) 15. Qh6 $1 {[%csl Rg7][%cal Rh6g7] white sacrifice
pawn and get dangerous attack} b4 16. Ne2 Bxe4 17. fxe6 {tempting move 17.Qg7
gave for black sufficient counterplay} (17. Qg7 Rc8 18. Nd4 Rf8 19. fxe6 fxe6
20. Bd3 Bxd3 21. Rxd3 e5 22. Ne6 Qf2 $132) 17... fxe6 18. Nd4 {[%csl Re6][%cal
Rd4e6]} (18. Qg7 Kd7) 18... e5 {and after 18...Rac8 19.Bd3 Bd5 20.Rhe1 too
black have big problem} 19. Qg7 exd4 {both possibility this move and 19...Rf8
look very dubios for black} (19... Rf8 20. Ne6 Rf7 (20... Rc8 21. Bd3 Bxd3 22.
cxd3 Rf7 23. Qg8+ Bf8 24. Nxf8 Rxf8 25. Qe6+ $16) 21. Qg8+ Bf8 22. Bc4 Qf2 23.
Bb3 $36) 20. Qxh8+ Kf7 $8 21. Bc4+ d5 22. Bxd5+ Bxd5 23. Qxh7+ {after series
force move white got perspektive position} Ke6 24. Qh4 Rd8 25. Rhe1+ Kd6 (25...
Kf7 26. Rxd4 Bxa2+ 27. Kxa2 Rxd4 28. Rxe7+ Qxe7 29. Qxd4 $16) 26. Rxd4 $16 {
a pressure of white pieces growth} Kc6 $8 (26... Qc5 $6 27. a3 $1 $18) 27. Red1
Bc5 (27... Qc5 28. a3 $1 bxa3 29. c4 $18) 28. R4d3 {[%csl Rd5,Rd8][%cal Rd3d5,
Rd1d5]} Qe7 29. Ka1 $6 {it was nesessary open position by means of 29.a3} (29.
a3 $5 a5 (29... bxa3 $2 30. Qa4+ $18) (29... Rd7 30. axb4 Bxb4 31. g4 $16) 30.
axb4 Bxb4 31. g4 $18) 29... Rd6 {black  try consolidate position} 30. Qh8 (30.
Qg4 Qe6 31. Qxe6 Bxe6 32. h4 Bg4 $14) (30. g4 Qe2 $132) 30... Rd8 31. Qh4 Rd6
32. Qh8 Rd8 33. Qh3 Qe4 34. Qh6 Qc4 35. b3 Qxc2 36. Qxf6+ Rd6 37. Qb2 {better
37.Qf1,but after 37...Qf2 black, probably, keep position} Qxg2 38. Qxg2 Bxg2
39. Rxd6+ Bxd6 $11 40. h4 Be5+ 41. Kb1 Be4+ 42. Kc1 Bf4+ 43. Kb2 1/2-1/2